Every Super Bowl Loser - Statistics

General Stats
  • This quiz has been taken 30 times
  • The average score is 54 of 59
Answer Stats
Super Bowl Team % Correct
XII Denver Broncos
100%
XXI Denver Broncos
100%
XXII Denver Broncos
100%
XXIV Denver Broncos
100%
XLVIII Denver Broncos
100%
I Kansas City Chiefs
100%
LV Kansas City Chiefs
100%
LIX Kansas City Chiefs
100%
XIV Los Angeles Rams
100%
LIII Los Angeles Rams
100%
XX New England Patriots
100%
XXXI New England Patriots
100%
XLII New England Patriots
100%
XLVI New England Patriots
100%
LII New England Patriots
100%
XLVII San Francisco 49ers
100%
LIV San Francisco 49ers
100%
LVIII San Francisco 49ers
100%
XXXVI St. Louis Rams
100%
XXXIII Atlanta Falcons
96%
LI Atlanta Falcons
96%
XXXVIII Carolina Panthers
96%
XV Philadelphia Eagles
96%
XXXIX Philadelphia Eagles
96%
LVII Philadelphia Eagles
96%
XL Seattle Seahawks
96%
XLIX Seattle Seahawks
96%
XLIII Arizona Cardinals
91%
XLI Chicago Bears
91%
XVI Cincinnati Bengals
91%
XXIII Cincinnati Bengals
91%
LVI Cincinnati Bengals
91%
XXXII Green Bay Packers
91%
VI Miami Dolphins
91%
XVII Miami Dolphins
91%
XIX Miami Dolphins
91%
IV Minnesota Vikings
91%
VIII Minnesota Vikings
91%
IX Minnesota Vikings
91%
XI Minnesota Vikings
91%
XXXV New York Giants
91%
II Oakland Raiders
91%
XXXVII Oakland Raiders
91%
XXX Pittsburgh Steelers
91%
XLV Pittsburgh Steelers
91%
XXV Buffalo Bills
87%
XXVI Buffalo Bills
87%
XXVII Buffalo Bills
87%
XXVIII Buffalo Bills
87%
V Dallas Cowboys
83%
X Dallas Cowboys
83%
XIII Dallas Cowboys
83%
XXIX Los Angeles Chargers
83%
III Baltimore Colts
78%
XLIV Indianapolis Colts
78%
XXXIV Tennessee Titans
78%
VII Washington Redskins
78%
XVIII Washington Redskins
78%
L Carolina Panthers
9%
No matching quizzes found
Score Distribution
Percent of People with Each Score
Percentile by Number Answered
Your Score History
You have not taken this quiz